Analýza vývoja kapitálového trhu Znižovanie úrokových sadzieb vedie k zvýšenému záujmu o dlhopisy
Obchodovanie na Burze cenných papierov v Bratislave (BCPB) v marci 1995. Objem obchodov na kótovanom trhu akcií a podielových listov. Kótovaný trh dlhopisov. Kapitálový výnos. Hladina cien. Komunálne obligácie. Údaje z fundamentálnej a technickej analýzy a.s. Biotika Slovenská Ľupča. Vývoj priemerné...
Enregistré dans:
| Auteur principal: | |
|---|---|
| Format: | Chapitre de livre |
| Langue: | slovaque |
| Sujets: | |
| Tags: |
Pas de tags, Soyez le premier à ajouter un tag!
|
MARC
| LEADER | 00000naa a2200000 4500 | ||
|---|---|---|---|
| 001 | r017374 | ||
| 005 | 20221205102624.8 | ||
| 041 | 0 | |a slo | |
| 044 | |a SK | ||
| 245 | 1 | 0 | |a Analýza vývoja kapitálového trhu |b Znižovanie úrokových sadzieb vedie k zvýšenému záujmu o dlhopisy |c A. Köszeghy |
| 520 | |a Obchodovanie na Burze cenných papierov v Bratislave (BCPB) v marci 1995. Objem obchodov na kótovanom trhu akcií a podielových listov. Kótovaný trh dlhopisov. Kapitálový výnos. Hladina cien. Komunálne obligácie. Údaje z fundamentálnej a technickej analýzy a.s. Biotika Slovenská Ľupča. Vývoj priemerného kurzu a.s. Biotika na BCPB od 1.1.1994 - 10.3.1995. | ||
| 610 | 2 | 0 | |a trh kapitálový |
| 610 | 2 | 0 | |a Slovensko |
| 610 | 2 | 0 | |a obchody burzové |
| 610 | 2 | 0 | |a BCP Bratislava |
| 610 | 2 | 0 | |a papiere cenné |
| 610 | 2 | 0 | |a kurz burzový |
| 610 | 2 | 0 | |a dlhopisy |
| 610 | 2 | 0 | |a obligácie |
| 610 | 2 | 0 | |a Biotika, a.s. Slovenská Ľupča |
| 610 | 2 | 0 | |a 1994-1995 |
| 100 | 1 | |a Köszeghy, A. | |